000 00541nam a2200181Ia 4500
999 _c9002
_d9002
003 OSt
005 20201009124545.0
008 190216s9999||||xx |||||||||||||| ||und||
020 _a9788130004716
040 _coclc
082 _a005.369
_bSYN/D
100 _aSyndicate, IT Lokam Content
_94591
245 0 _a14 Divasam Kondu Office Padikkam /
_c IT Lokam Content Syndicate
260 _bPoorna Pubs,
_a Kozhikode:
_c2006.
300 _a126p
650 _aComputer
942 _cBK
_2ddc
_h005.369
_iSYN/D
_k005.369
_mSYN/D